000 01999cam a22002894a 4500
001 7607
003 BD-RjUL
005 20211208234438.0
008 140115s2003 enkab b 001 0 eng
020 _a0415243289 (alk. paper)
035 _a(BD-RjUL)7651
_a(OCoLC)ocm50898935
040 _aDLC
_cDLC
_dC#P
_dWPG
_dUKM
_dBAKER
_dDLC
_dBD-RjUL
_beng
041 _aeng
082 0 0 _a624.1510151
_221
_bBUN 2003
100 1 _aBull, John W.
_923732
245 1 0 _aNumerical analysis and modelling in geomechanics /
_cby John W. Bull.
260 _aLondon ;
_aNew York :
_bSpon Press,
_c2003.
300 _axx, 371 p. :
_bill., maps ;
_c25 cm.
504 _aIncludes bibliographical references and index.
505 0 _aThe effect of increasing the depth of an underground void on the surface displacements of an airfield runway / J.W. Bull, C.H. Woodford -- Numerical and experimental study of compressed air tunnelling / A.A. Javadi -- A general finite element model for wave--seabed--structure interaction / D.S. Jeng -- The stability of unsaturated soil slopes subjected to rainfall infiltration / C.W.W. Ng, Q. Shi -- Computational modelling of ground waves due to pile driving / C.L. Ramshaw, A.R. Selby -- Back analysis of geotechnical problems / Annamaria Cividini, Giancarlo Gioda -- Parameter estimation using extended Bayesian method in tunnelling / I.-M. Lee, D.-H. Kim -- Seismic microzoning using numerical modelling: the Umbria--Marche earthquake of 26 September 1997 / F. Pergalani ... [et al.] -- Ground motion modelling using the 2-D Chebyshev spectral element method / Enrico Priolo -- Analysis and design of pile groups / F. Basile -- Reservoir compaction, subsidence and well damage / L. Brun Hilbert.
650 0 _aEngineering geology
_xMathematics.
_923733
650 0 _aSoil mechanics
_xMathematics.
_923734
856 4 2 _3Publisher description
_uhttp://www.loc.gov/catdir/enhancements/fy0650/2002151044-d.html
942 _2ddc
_cBK
999 _c7607
_d7607